000 00801cam a2200205 i 4500
005 20251201085234.0
008 250721s2005 jo gr 000 0 ara d
082 1 4 _a211.7
_bع م و
100 1 _aالعموش، خلود
_eمؤلف.
245 1 2 _aالخطاب القرآني :
_bدراسة في العلاقة بين النص والسياق (مثل من سورة البقرة) /
_cد. خلود العموش.
250 _aالطبعة الأولى.
264 3 1 _aإربد :
_bعالم الكتب الحديث للنشر والتوزيع،
_c2005.
300 _a516 صفحة.
650 1 7 _aالقرآن الكريم.
650 1 7 _aفقه القرآن.
650 1 7 _aالآيات القرأنية.
650 1 7 _aإعجاز القرآن.
942 _2ddc
_cBK
999 _c95688
_d95688